| 000 | 00608nam a2200169Ia 4500 | ||
|---|---|---|---|
| 005 | 20250424120232.0 | ||
| 008 | 250424s9999 xx 000 0 und d | ||
| 022 | _a15973611 | ||
| 050 | _aPR 9340 .A25/ | ||
| 245 | 0 | _aCurrents in african literature and the english language: CALEL: journal of the annual International Conference on African Literature and the English Language | |
| 260 | _aCalabar | ||
| 260 | _bDepartment of English and Literary Studies | ||
| 260 | _c2006 | ||
| 300 | _avi, 169 p. ; 25 cm. | ||
| 650 | _aAfrican literature (English)--History and criticism--Periodicals. | ||
| 942 | _cSR | ||
| 999 |
_c38153 _d38153 |
||